| 000 | 00789nam a22002177a 4500 | ||
|---|---|---|---|
| 999 |
_c12769 _d12769 |
||
| 003 | AR-CdUCM | ||
| 008 | 190410b ||||| |||| 00| 0 spa d | ||
| 040 |
_aMUNICIPALIDAD PROVINCIAL DEL CUSCO _cBIBLIOTECA MUNICIPAL DEL CUSCO |
||
| 082 |
_a320.92 / _bG21 |
||
| 100 |
_aGaray Seminario, Martín. _930819 |
||
| 245 |
_aPerfiles humanos : _blos hombres que hacen historia en el Perú / |
||
| 260 |
_aLima : _bImpr. Atlántida, _c1985. |
||
| 300 |
_a205 paginas ; _c21 cm. |
||
| 505 | _aContenido : Fernando beluande Terry -- Elias Mendoza Habersperger -- Andres Townsend Ezcurra -- Manuel Arce Zazaceta... | ||
| 650 |
_aPolíticos _931 |
||
| 650 |
_aBiografía _922 |
||
| 650 |
_aBiografía. Perú _915513 |
||
| 650 |
_aPerú _935 |
||
| 942 |
_2ddc _cLIBROS |
||
| 945 |
_awnts _d2019-04-10 |
||